[Event "RUS-ch 1/2 fin"]
[Site "Tula"]
[Date "2002.??.??"]
[Round "9"]
[White "Krupnov, Maxim E"]
[Black "Saprikin, Vladimir"]
[Result "1-0"]
[WhiteElo "2343"]
[BlackElo "2259"]
[PlyCount "83"]
[EventDate "2002.??.??"]
[EventType "swiss"]
[EventRounds "9"]
[EventCountry "RUS"]
[SourceTitle "EXT 2003"]
[Source "ChessBase"]
[SourceDate "2002.11.25"]
[SourceVersion "1"]
[SourceVersionDate "2002.11.25"]
[SourceQuality "1"]

1. e4 c5 2. Nf3 d6 3. Bb5+ Bd7 4. Bxd7+ Nxd7 5. 0-0 e6 6. c3 Be7 7. d4 Qc7 8. Bf4 e5 9. Bg3 Ngf6 10. Qe2 Nh5 11. Nbd2 0-0 12. a4 Rac8 13. dxe5 dxe5 14. Nc4 Nxg3 15. hxg3 Rfe8 16. Rfd1 Bf8 17. Rd5 Nb6 18. Rxe5 Nxc4 19. Rxe8 Rxe8 20. Qxc4 Rd8 21. Re1 Qd7 22. e5 Qd5 23. Qh4 Re8 24. Qe4 Qxe4 25. Rxe4 h6 26. Kf1 g5 27. g4 Kg7 28. Nd2 Kg6 29. Nc4 f5 30. gxf5+ Kxf5 31. f3 h5 32. Ke2 Ke6 33. g3 Bg7 34. Ne3 Rf8 35. f4 gxf4 36. gxf4 Rd8 37. f5+ Kf7 38. e6+ Kf6 39. Nd5+ Kg5 40. e7 Re8 41. Nc7 Rc8 42. e8Q 1-0